Statistics for US states with 8 letters

Click here to take the quiz!

General Stats

  • This quiz has been taken 22 times
    (10 since last reset)
  • The average score is 7 of 11

Answer Stats

Answer% Correct
Colorado
88%
Michigan
88%
Illinois
75%
Arkansas
63%
Maryland
63%
Missouri
63%
Nebraska
63%
Virginia
63%
Delaware
50%
Kentucky
50%
Oklahoma
50%

Score Distribution

Percentile by Number Answered

Percent of People with Each Score

Your Score History

You have not taken this quiz since the last reset